000 00805nam a22002177a 4500
999 _c13638
_d13638
003 AR-CdUCM
008 190416b ||||| |||| 00| 0 spa d
040 _aMUNICIPALIDAD PROVINCIAL DEL CUSCO
_cBIBLIOTECA MUNICIPAL DEL CUSCO
082 _a070 /
_bEV96
110 _a Comisión evangélica latinoamericana de educación cristiana
_932125
245 _aPeriodismo popular /
260 _aLima
_bCELADEC,
_c1980.
300 _a56 páginas ;
_c21 cm.
440 _aCuadernos de capacitación.
_n9
_932126
505 _aContenido : El periodismo popular : Una alternativa -- Funciones del periodismo popular -- Características del periodismo popular ...
650 _aPeriodismo
_91929
650 _aPopular
_91072
650 _aPeriódico
_932127
942 _2ddc
_cLIBROS
945 _arah
_d16/04/2019